Kariamanikkam Srinivasa Krishnan (Record no. 18162)

MARC details
000 -LEADER
fixed length control field 00601nam a2200193Ia 4500
003 - CONTROL NUMBER IDENTIFIER
control field IN-BaIIA
008 - FIXED-LENGTH DATA ELEMENTS--GENERAL INFORMATION
fixed length control field 211028s9999 xx 000 0 eng d
020 ## - INTERNATIONAL STANDARD BOOK NUMBER
International Standard Book Number 978-81-7371-748-2
040 ## - CATALOGING SOURCE
Transcribing agency IIA Library
080 ## - UNIVERSAL DECIMAL CLASSIFICATION NUMBER
Universal Decimal Classification number [8]:01:00
Item number MAL
100 ## - MAIN ENTRY--PERSONAL NAME
Personal name Mallik, D. C. V
9 (RLIN) 16460
245 #0 - TITLE STATEMENT
Title Kariamanikkam Srinivasa Krishnan
Remainder of title his life and work
Statement of responsibility, etc. D. C. V. Mallik and S. Chatterjee
260 ## - PUBLICATION, DISTRIBUTION, ETC.
Place of publication, distribution, etc. Hyderabad
Name of publisher, distributor, etc. Universities Press
Date of publication, distribution, etc. 2012
300 ## - PHYSICAL DESCRIPTION
Extent xxiii, 461p.
650 ## - SUBJECT ADDED ENTRY--TOPICAL TERM
Topical term or geographic name entry element Biography - Krishnan, K. S
9 (RLIN) 34728
650 ## - SUBJECT ADDED ENTRY--TOPICAL TERM
Topical term or geographic name entry element K. S. Krishnan - Biography
9 (RLIN) 34729
700 ## - ADDED ENTRY--PERSONAL NAME
Personal name Chatterjee, S
9 (RLIN) 34730
942 ## - ADDED ENTRY ELEMENTS (KOHA)
Koha item type Books
Holdings
Withdrawn status Lost status Damaged status Not for loan Home library Current library Shelving location Date acquired Source of acquisition Cost, normal purchase price Total Checkouts Full call number Barcode Date last seen Cost, replacement price Price effective from Koha item type Purchase Price
        IIA Library-Bangalore IIA Library-Bangalore General Stacks 03/11/2011 EDS 895.00   92:53/ MAL 19084 05/11/2021 895.00 03/11/2011 Books Rs. 895.00

Powered by Koha